| 000 | 00601nam a2200229 a 4500 | ||
|---|---|---|---|
| 001 | nice12345678 | ||
| 003 | IN_TiNIC | ||
| 005 | 20260116011436.0 | ||
| 008 | 080912s1919 lona grp 000 0 eng | ||
| 020 |
_a _c100 |
||
| 082 | 0 | 0 |
_a229.9 _bFIN |
| 100 | _aFinch, R G | ||
| 245 | _aLonger Commentary of R.David Kimhi on the First Book of Psalms | ||
| 260 |
_aLondon _bSociety for Promoting Christian Knowledg _c1919 |
||
| 300 | _a130p | ||
| 500 | _aincludes index and biblioraphy | ||
| 650 | _aApocryphal Gospels | ||
| 700 | 1 | _aFinch, R G | |
| 902 | _bSRS | ||
| 942 | _cBK | ||
| 999 |
_c1568 _d1568 |
||